| 000 | 00828nam a2200253 a 4500 | ||
|---|---|---|---|
| 001 | 000009484 | ||
| 005 | 20240412074211.0 | ||
| 008 | 090930s2000 dr a 000 p spa d | ||
| 020 | _z999340000024 | ||
| 040 |
_aDO-SdBNP _bspa _cBNPHU |
||
| 082 |
_aRD861.44 _bA661L |
||
| 100 | 1 |
_aArambilet, Luis _d1957- _924293 |
|
| 245 | 1 | 3 |
_aEl libro de las pasiones / _cArambilet. |
| 260 |
_aSanto Domingo : _bFundación Barlovento, _c2000. |
||
| 300 |
_a264 p. : _bil. ; _c18 cm. |
||
| 490 | 1 | _aEditorial | |
| 500 | _aLibro dedicado a la memoria de Publio Ovidio Nasón. | ||
| 500 | _aIncluye datos bigráficos del autor en la contraportada | ||
| 590 | _aInventariado, 2018/LP | ||
| 650 | 0 |
_aPoesía dominicana _966 |
|
| 650 | 0 |
_aLiteratura dominicana. _967 |
|
| 830 | 0 |
_aEditorial _924294 |
|
| 910 | _aValidado. Control de calidad MFF | ||
| 999 |
_c9244 _d9244 |
||